| 000 | 00590nam a22001937a 4500 | ||
|---|---|---|---|
| 005 | 20241210170003.0 | ||
| 010 | _aENG-142937 | ||
| 020 |
_a9788175349995 _c225.00 |
||
| 035 | _aEn-126469 | ||
| 037 | _aDBAD | ||
| 082 | _a363.4 | ||
| 100 |
_aRajak, Brajesh _974915 |
||
| 245 |
_aPornography Law:/ _cby Brajesh Rajak _bXXX Must Not Be Toleraled/ |
||
| 250 | _a1 | ||
| 260 |
_aDelhi _bUniversal Law Publishing Co. Pvt. Ltd. _c2011 |
||
| 270 |
_aUniversal Law Publishing Co. Pvt. Ltd. _bDelhi _e110001 |
||
| 300 |
_axviii,187p. _b24cm(Pb) |
||
| 942 |
_2ddc _cEN _h363.4 _mRAJ |
||
| 999 |
_c207535 _d207535 |
||